000 00707nam a2200277Ia 4500
003 OSt
005 20221006144331.0
006 a|||||r|||| 00| 0
007 ta
008 221006b |||||||| |||| 00| 0 eng d
020 _a436280078
_c£12.50
024 _a11,436
037 _cTextual
040 _aEASL
_cEASL
_beng
041 _2eng
_aeng
082 _aU8.41.N7, L9
100 _aMORATH Inge
_9407285
245 0 _aChinese Encounters
260 _aLondon
_bSecker and Warburg
_c1979
300 _a252p.
_ccm.
490 _v CEL
650 _aCEL
700 _a MILLER Arthur
942 _hU8.41.N7, L9
_cTEXL
_2CC
999 _c1079522
_d1079522